| 000 | 00000nam 2200000za 4500 |
| 001 | 9.822403 |
| 003 | CaOODSP |
| 005 | 20250509154910 |
| 007 | cr ||||||||||| |
| 008 | 160810s2009 oncao|||o f000 0 ger d |
| 020 | |z978-1-100-13913-5 |
| 040 | |aCaOODSP|beng |
| 043 | |an-cn--- |
| 086 | 1 |aT22-178/2009Ger-PDF|zT22-178/2009D-PDF|zT22-178/2009E |
| 245 | 01|a[Canada's tax and duty advantages : |h[electronic resource] : |benjoy the benefits of foreign trade zones... anywhere in Canada!]. |
| 246 | 1 |iAt head of title : |aCanada's Gateways - Your Connections to Opportunities |
| 246 | 13|aSteuer - und zollvorteile in Kanada : |bNutzen Sie die Vorteile von Aussenhandelszone…Überall in Kanada! |
| 250 | |a[German edition]. |
| 260 | |aOttawa : |bTransport Canada, |cc2009. |
| 300 | |a13 p. : |bcol. ill. |
| 500 | |aIncorrect catalogue number (T22-178/2009E) and ISBN (978-1-100-13913-5) printed in this publication. |
| 500 | |aEnglish title supplied by the publisher. |
| 500 | |aIssued in French under title: Avantages en matière de taxes et de droits au Canada : tirer profit des zones franches
partout au Canada! |
| 520 | |aCanada not only has a business-friendly tax regime, but also has goods and services tax (GST) and customs duties advantages. ... |
| 546 | |aText in German. |
| 692 | 07|2gccst|aInternational trade |
| 710 | 1 |aCanada. |bTransport Canada. |
| 775 | 08|tCanada's tax and duty advantages : |w(CaOODSP)9.692733 |
| 792 | |t[Avantages en matière de taxes et de droits au Canada : |efre|w(CaOODSP)9.822406 |
| 856 | 40|qPDF|s1.20 MB|uhttps://publications.gc.ca/collections/collection_2016/tc/T22-178-2009-deu.pdf |
| 986 | |aTP 12924 |